Grammar and dictionary of the Lakher or Mara language / (Record no. 1561069)

MARC details
000 -LEADER
fixed length control field 00881nam a22002657a 4500
005 - DATE AND TIME OF LATEST TRANSACTION
control field 20221215104341.0
008 - FIXED-LENGTH DATA ELEMENTS--GENERAL INFORMATION
fixed length control field 221215b2016 ii ||||e |||| 00| 0 eng d
020 ## - INTERNATIONAL STANDARD BOOK NUMBER
International Standard Book Number 9788128700224 :
Price Rs.650.00
Book form pbk.
040 ## - CATALOGING SOURCE
Original cataloging agency NLI
Language of cataloging eng
Transcribing agency English Processing Division
041 0# - LANGUAGE CODE
Language code of text/sound track or separate title eng
044 ## - COUNTRY OF PUBLISHING/PRODUCING ENTITY CODE
MARC country code ii
082 04 - DEWEY DECIMAL CLASSIFICATION NUMBER
Edition number 23rd ed.
Classification number E 895.4
Book number L 893
100 1# - MAIN ENTRY--PERSONAL NAME
Linkage 880-01
Personal name Lorrain, Reginald Arthur
9 (RLIN) 1188969
245 10 - TITLE STATEMENT
Linkage 880-02
Title Grammar and dictionary of the Lakher or Mara language /
Statement of responsibility, etc. Reginald Arthur Lorrain
260 ## - PUBLICATION, DISTRIBUTION, ETC.
Place of publication, distribution, etc. Guwahati :
Name of publisher, distributor, etc. Scientific Book Centre,
Date of publication, distribution, etc. c2016
300 ## - PHYSICAL DESCRIPTION
Extent viii, 386 p. ;
Dimensions 24 cm.
650 #0 - SUBJECT ADDED ENTRY--TOPICAL TERM
Topical term or geographic name entry element Lakher language
General subdivision Dictionary
-- English
650 #0 - SUBJECT ADDED ENTRY--TOPICAL TERM
Topical term or geographic name entry element Tibeto-Burman Languages
650 #0 - SUBJECT ADDED ENTRY--TOPICAL TERM
Topical term or geographic name entry element Tibeto-Burman Languages
General subdivision Grammar
852 ## - LOCATION
Location BB
Shelving location Main Stack Division
887 ## - NON-MARC INFORMATION FIELD
Data Entry Operator Name / Verifier Name E. Haque
942 ## - ADDED ENTRY ELEMENTS (KOHA)
Source of classification or shelving scheme Dewey Decimal Classification
Koha item type Books
650 #0 - SUBJECT ADDED ENTRY--TOPICAL TERM
9 (RLIN) 1428461
650 #0 - SUBJECT ADDED ENTRY--TOPICAL TERM
9 (RLIN) 1292033
700 1# - ADDED ENTRY--PERSONAL NAME
Linkage 880-03
880 1# - ALTERNATE GRAPHIC REPRESENTATION
Linkage 100-01
Holdings
Withdrawn status Lost status Source of classification or shelving scheme Damaged status Not for loan Collection code Home library Current library Shelving location Date acquired Total Checkouts Full call number Barcode Date last seen Price effective from Koha item type
    Dewey Decimal Classification     New English National Library of India National Library of India New English - Main Stack Division 25/11/2022   E 895.4 L 893 GIF00052770ENG 15/12/2022 15/12/2022 Books
                                                                           
web counter

Copyright ©2020 The National Library of India, Govt. of India ↔ Hosted by NVLI, MOC ↔ Technology and Design by National Library of India, Ministry of Culture, Govt. of India